| 000 | 00533nam a2200205Ia 4500 | ||
|---|---|---|---|
| 003 | GCL | ||
| 008 | 140319s9999 xx 000 0 eng d | ||
| 040 |
_aGCL / _cGCL |
||
| 082 | 0 | 4 |
_aCH _b823.087 _bM S |
| 100 | 1 | _aMONCURE, JANE BELK | |
| 245 | 1 | 0 |
_aSMILE, SAYS LITTLE CROCODILE / _cMONCURE, JANE BELK |
| 700 | 1 | _aHOHAG, LINDA | |
| 260 |
_a[S.N] : _bTHE CHILD WORLD, INC ، _c1988 |
||
| 300 | _a31 P | ||
| 650 | 0 | 4 | _aLITERATURE |
| 650 | 0 | 4 | _aCHILDREN - LITERATURE |
| 650 | 0 | 4 | _aCHILDREN |
| 650 | 0 | 4 | _aFICTION |
| 942 |
_2ddc _cBK |
||
| 999 |
_c14270 _d14270 |
||